<?xml version="1.0" encoding="UTF-8"?>
<record
    xmlns:xsi="http://www.w3.org/2001/XMLSchema-instance"
    xsi:schemaLocation="http://www.loc.gov/MARC21/slim http://www.loc.gov/standards/marcxml/schema/MARC21slim.xsd"
    xmlns="http://www.loc.gov/MARC21/slim">

  <leader>00638nam a22001937a 4500</leader>
  <controlfield tag="003">OSt</controlfield>
  <controlfield tag="005">20150408114234.0</controlfield>
  <controlfield tag="008">141222s2011    ea ||||g b||| 00| 0 ara d</controlfield>
  <datafield tag="020" ind1=" " ind2=" ">
    <subfield code="a">9789961010785</subfield>
  </datafield>
  <datafield tag="040" ind1=" " ind2=" ">
    <subfield code="a">ma-un</subfield>
  </datafield>
  <datafield tag="082" ind1=" " ind2=" ">
    <subfield code="2">21</subfield>
    <subfield code="a">339.52</subfield>
    <subfield code="b">&#x635; &#x62E; &#x631;</subfield>
  </datafield>
  <datafield tag="100" ind1=" " ind2=" ">
    <subfield code="a">&#x635;&#x627;&#x644;&#x62D;&#x60C; &#x62E;&#x627;&#x644;&#x635; &#x635;&#x627;&#x641;&#x64A;</subfield>
  </datafield>
  <datafield tag="245" ind1=" " ind2=" ">
    <subfield code="a">&#x631;&#x642;&#x627;&#x628;&#x629; &#x62A;&#x633;&#x64A;&#x64A;&#x631; &#x627;&#x644;&#x645;&#x624;&#x633;&#x633;&#x629; &#x641;&#x64A; &#x638;&#x644; &#x623;&#x642;&#x62A;&#x635;&#x627;&#x62F; &#x627;&#x644;&#x633;&#x648;&#x642; /</subfield>
    <subfield code="c">&#x62E;&#x627;&#x644;&#x635; &#x635;&#x627;&#x641;&#x64A; &#x635;&#x627;&#x644;&#x62D;.</subfield>
  </datafield>
  <datafield tag="250" ind1=" " ind2=" ">
    <subfield code="a">&#x637;. 1.</subfield>
  </datafield>
  <datafield tag="260" ind1=" " ind2=" ">
    <subfield code="a">&#x627;&#x644;&#x62C;&#x632;&#x627;&#x626;&#x631; : </subfield>
    <subfield code="b">&#x62F;&#x64A;&#x648;&#x627;&#x646; &#x627;&#x644;&#x645;&#x637;&#x628;&#x648;&#x639;&#x627;&#x62A; &#x627;&#x644;&#x62C;&#x627;&#x645;&#x639;&#x64A;&#x629;&#x60C;</subfield>
    <subfield code="c">2011 [1432]</subfield>
  </datafield>
  <datafield tag="300" ind1=" " ind2=" ">
    <subfield code="a">292 &#x635;. &#x61B;</subfield>
    <subfield code="c">22 &#x633;&#x645;.</subfield>
  </datafield>
  <datafield tag="650" ind1=" " ind2=" ">
    <subfield code="a">&#x627;&#x644;&#x645;&#x624;&#x633;&#x633;&#x627;&#x62A; &#x627;&#x644;&#x627;&#x642;&#x62A;&#x635;&#x627;&#x62F;&#x64A;&#x629;</subfield>
  </datafield>
  <datafield tag="942" ind1=" " ind2=" ">
    <subfield code="c">BOOK</subfield>
  </datafield>
  <datafield tag="999" ind1=" " ind2=" ">
    <subfield code="c">36803</subfield>
    <subfield code="d">271303</subfield>
  </datafield>
  <datafield tag="952" ind1=" " ind2=" ">
    <subfield code="1">0</subfield>
    <subfield code="2">2014-12-22</subfield>
    <subfield code="4">0</subfield>
    <subfield code="7">0</subfield>
    <subfield code="a">339.52 &#x635; &#x62E; &#x631;</subfield>
    <subfield code="d">2014-12-22</subfield>
    <subfield code="h">CL</subfield>
    <subfield code="i">00136064</subfield>
    <subfield code="m">CL</subfield>
    <subfield code="r">2014-12-22 00:00:00</subfield>
    <subfield code="t">BOOK</subfield>
    <subfield code="w">ddc</subfield>
    <subfield code="y">0</subfield>
  </datafield>
  <datafield tag="952" ind1=" " ind2=" ">
    <subfield code="1">0</subfield>
    <subfield code="2">2014-12-22</subfield>
    <subfield code="4">0</subfield>
    <subfield code="7">0</subfield>
    <subfield code="a">339.52 &#x635; &#x62E; &#x631;</subfield>
    <subfield code="d">2014-12-22</subfield>
    <subfield code="h">CL</subfield>
    <subfield code="i">00136065</subfield>
    <subfield code="m">CL</subfield>
    <subfield code="r">2014-12-22 00:00:00</subfield>
    <subfield code="t">BOOK</subfield>
    <subfield code="w">ddc</subfield>
    <subfield code="y">0</subfield>
  </datafield>
</record>
